[Event "Krakow op-B 29th"]
[Site "Krakow"]
[Date "2019.01.04"]
[Round "9"]
[White "Lada, Ireneusz"]
[Black "Planeta, Wojciech"]
[Result "1-0"]
[WhiteElo "1944"]
[BlackElo "1812"]
[PlyCount "99"]
[EventDate "2018.12.27"]
[EventType "swiss"]
[EventRounds "9"]
[EventCountry "POL"]
[SourceTitle "CBM 189 Extra"]
[Source "ChessBase"]
[SourceDate "2019.06.03"]
[SourceVersion "1"]
[SourceVersionDate "2019.06.03"]
[SourceQuality "1"]

1. c4 c5 2. Nf3 Nc6 3. d4 cxd4 4. Nxd4 e5 5. Nb5 d6 6. N1c3 a6 7. Na3 f5 8. g3 Nf6 9. Bg2 Be6 10. Nd5 Be7 11. 0-0 0-0 12. Be3 Bxd5 13. cxd5 Nb8 14. Qb3 b5 15. Nc2 Ng4 16. Bd2 Nd7 17. Nb4 Nc5 18. Qc2 Qe8 19. h3 Nf6 20. Nc6 Nfe4 21. Be3 Bg5 22. Bxg5 Nxg5 23. h4 Nge4 24. b4 Nd7 25. Bxe4 fxe4 26. Qxe4 Nf6 27. Qd3 e4 28. Qd4 Qh5 29. e3 g5 30. Ne7+ Kf7 31. Nf5 Kg6 32. hxg5 Kxf5 33. gxf6 Rxf6 34. f3 exf3 35. Rxf3+ Qxf3 36. Rf1 Qxf1+ 37. Kxf1 Kg6+ 38. Ke2 Raf8 39. Qb6 Rf2+ 40. Kd3 R8f6 41. Qxa6 h5 42. Qxb5 Rxa2 43. Qe8+ Kg5 44. Qd7 Ra3+ 45. Kd4 Rb3 46. Qg7+ Rg6 47. Qe7+ Kh6 48. Qf8+ Kh7 49. Qf7+ Kh6 50. Kc4 1-0

[Event "Krakow op-B 29th"]
[Site "Krakow"]
[Date "2018.12.30"]
[Round "5"]
[White "Planeta, Wojciech"]
[Black "Szwaj, Jacek"]
[Result "1/2-1/2"]
[WhiteElo "1812"]
[BlackElo "1968"]
[PlyCount "82"]
[EventDate "2018.12.27"]
[EventType "swiss"]
[EventRounds "9"]
[EventCountry "POL"]
[SourceTitle "CBM 189 Extra"]
[Source "ChessBase"]
[SourceDate "2019.06.03"]
[SourceVersion "1"]
[SourceVersionDate "2019.06.03"]
[SourceQuality "1"]

1. e4 c5 2. Nf3 d6 3. d4 cxd4 4. Nxd4 Nf6 5. Nc3 a6 6. f3 e5 7. Nde2 Be6 8. Be3 d5 9. exd5 Nxd5 10. Nxd5 Bxd5 11. a3 Be7 12. Nc3 Be6 13. Qxd8+ Bxd8 14. Ne4 Be7 15. 0-0-0 Nd7 16. Nd6+ Bxd6 17. Rxd6 0-0-0 18. Be2 Nf6 19. Rxd8+ Rxd8 20. Rd1 Nd5 21. Bc5 Nf4 22. Rxd8+ Kxd8 23. Bf1 Bd5 24. Kd2 Kc7 25. c4 Bc6 26. b4 h5 27. Bf2 f6 28. g3 Ne6 29. Be2 g6 30. Bd1 Ng5 31. Ke3 Ne6 32. a4 b6 33. b5 Bb7 34. f4 exf4+ 35. gxf4 f5 36. Bc2 a5 37. Bh4 Kd6 38. Bb3 Be4 39. Bf6 Bb1 40. Bb2 Be4 41. Bf6 Bg2 1/2-1/2

[Event "POL-chT U20 1st League"]
[Site "Suchedniow"]
[Date "2016.07.29"]
[Round "7.20"]
[White "Paziak, Patryk"]
[Black "Planeta, Wojciech"]
[Result "1/2-1/2"]
[WhiteElo "1745"]
[BlackElo "1726"]
[PlyCount "111"]
[EventDate "2016.07.23"]
[EventType "team-tourn"]
[EventRounds "9"]
[EventCountry "POL"]
[SourceTitle "EXT 2019"]
[Source "ChessBase"]
[SourceDate "2018.10.10"]
[SourceVersion "1"]
[SourceVersionDate "2018.10.10"]
[SourceQuality "1"]

1. c4 f5 2. Nc3 Nf6 3. g3 g6 4. Bg2 Bg7 5. Nf3 d6 6. 0-0 0-0 7. Rb1 e5 8. d3 c6 9. b4 e4 10. Ne1 d5 11. cxd5 cxd5 12. dxe4 dxe4 13. Qb3+ Kh8 14. Be3 b6 15. Nc2 Ng4 16. Rfd1 Qe8 17. Bd4 Bb7 18. Bxg7+ Kxg7 19. Nd4 Rf6 20. Nd5 Bxd5 21. Qxd5 Nd7 22. Nxf5+ gxf5 23. Qxd7+ Rf7 24. Qd4+ Nf6 25. Qe3 Kg6 26. h4 h6 27. Rd6 Rd8 28. Rxd8 Qxd8 29. Bh3 Qd6 30. a3 Rd7 31. Rf1 Qd2 32. Qb3 Qxe2 33. Qe6 Qf3 34. a4 Rd3 35. Bg2 Qe2 36. Bh3 Qf3 37. Qe5 Rd5 38. Qe7 Rd2 39. Bg2 Qd3 40. h5+ Nxh5 41. Qe8+ Kg5 42. Qe7+ Kg6 43. g4 Nf6 44. gxf5+ Kxf5 45. Qxa7 Qd6 46. Bh3+ Kg6 47. a5 bxa5 48. bxa5 Qf4 49. Qe3 Qxe3 50. fxe3 Ra2 51. Rf5 h5 52. Re5 Ng4 53. Rxe4 Kf5 54. Rf4+ Kg5 55. Bxg4 hxg4 56. Rf2 1/2-1/2

[Event "POL-chT U20 1st League"]
[Site "Suchedniow"]
[Date "2016.07.26"]
[Round "4.2"]
[White "Planeta, Wojciech"]
[Black "Dembinski, Bartosz"]
[Result "1-0"]
[WhiteElo "1726"]
[BlackElo "1456"]
[PlyCount "79"]
[EventDate "2016.07.23"]
[EventType "team-tourn"]
[EventRounds "9"]
[EventCountry "POL"]
[SourceTitle "EXT 2019"]
[Source "ChessBase"]
[SourceDate "2018.10.10"]
[SourceVersion "1"]
[SourceVersionDate "2018.10.10"]
[SourceQuality "1"]

1. e4 e5 2. Nc3 Nf6 3. Bc4 Nc6 4. d3 h6 5. Nf3 Bc5 6. 0-0 d6 7. h3 Be6 8. Bb3 0-0 9. Be3 Bb6 10. d4 exd4 11. Nxd4 Nxd4 12. Bxd4 Bxd4 13. Qxd4 Qd7 14. Rad1 Rfd8 15. Rfe1 Bxb3 16. axb3 Qc6 17. Re3 Qc5 18. Qxc5 dxc5 19. Rxd8+ Rxd8 20. e5 Nd5 21. Rd3 c6 22. f4 b6 23. g3 Kf8 24. Ne4 Ke7 25. c3 Rd7 26. Kf2 Ke6 27. Kf3 Ne7 28. Rxd7 Kxd7 29. Nd6 Ke6 30. Ke4 Nd5 31. Nf5 g5 32. Nxh6 gxf4 33. gxf4 b5 34. f5+ Ke7 35. Ng4 a5 36. Ne3 Nb4 37. cxb4 cxb4 38. Nc2 a4 39. Nxb4 c5 40. Nd5+ 1-0

[Event "Krakow Malopolski-chB"]
[Site "Krakow"]
[Date "2015.04.29"]
[Round "4.1"]
[White "Planeta, Wojciech"]
[Black "Mintenko, Heorhiy"]
[Result "1/2-1/2"]
[WhiteElo "1689"]
[BlackElo "1934"]
[PlyCount "38"]
[EventDate "2015.04.26"]
[EventType "swiss"]
[EventRounds "9"]
[EventCountry "POL"]
[SourceTitle "EXT 2023"]
[Source "ChessBase"]
[SourceDate "2022.10.05"]
[SourceVersion "1"]
[SourceVersionDate "2022.10.05"]
[SourceQuality "1"]

1. e4 c6 2. d4 d5 3. Nd2 dxe4 4. Nxe4 Nd7 5. Nf3 Ngf6 6. Nxf6+ Nxf6 7. Ne5 Bf5 8. g4 Be4 9. f3 Bd5 10. c4 Be6 11. Bf4 Nd7 12. Qd2 Nb6 13. d5 cxd5 14. cxd5 Qxd5 15. Qxd5 Nxd5 16. Bb5+ Kd8 17. Rd1 Kc8 18. Rc1+ Kd8 19. Rd1 Kc8 1/2-1/2